| 000 | 00841nam a22002417a 4500 | ||
|---|---|---|---|
| 005 | 20100520125247.0 | ||
| 008 | 100520t xxu||||| |||| 00| 0 eng d | ||
| 020 |
_a9788183481595 _c450.00 |
||
| 035 | _aB-229324 | ||
| 037 | _bReference | ||
| 040 | _aDPL | ||
| 082 | _a000 | ||
| 100 | _aTripathi, Brijesh | ||
| 245 |
_aArihant CDS entrance examination _cby Brijesh Tripathi |
||
| 260 |
_aDelhi _bArihant Publications _c2008 |
||
| 270 |
_a4577/15, Aggarwal Road,Daryaganj _bDelhi |
||
| 300 | _avarious paging | ||
| 700 | _aRawat, Satyajeet | ||
| 700 | _aGoyal, Neetika | ||
| 942 |
_2ddc _cEN _h000 _mTRI |
||
| 999 |
_c36238 _d36238 |
||